Loading...
Sanyasi ka apaharan/
| Main Author: | |
|---|---|
| Format: | Printed Book |
| Language: | Hindi |
| Published: |
Kanpur:
Aman Parakashan,
2010.
|
| Edition: | 1Ed. |
| Subjects: |
| LEADER | 00564nam a22001817a 4500 | ||
|---|---|---|---|
| 008 | 140827b xxu||||| |||| 00| 0 hin d | ||
| 020 | |a 9789380417011 | ||
| 100 | |a Pandey,Indu | ||
| 245 | |a Sanyasi ka apaharan/ |c Indu pandey | ||
| 250 | |a 1Ed. | ||
| 260 | |a Kanpur: |b Aman Parakashan, |c 2010. | ||
| 300 | |a 128p.; | ||
| 500 | |a Colllection of Short Stories | ||
| 546 | |a In Hindi | ||
| 650 | 0 | |a Kahani Sangrah | |
| 942 | |c REF | ||
| 999 | |c 246604 |d 246604 | ||
| 952 | |0 0 |1 0 |4 0 |6 S_41 |7 0 |9 273770 |a HIN |b HIN |c S-41 |d 2014-09-24 |g 200.00 |i 23112 |l 0 |o S-41 |p HIN23112 |r 2014-09-24 |w 2014-09-24 |y REF | ||